<?xml version="1.0" encoding="UTF-8"?>
<record
    xmlns:xsi="http://www.w3.org/2001/XMLSchema-instance"
    xsi:schemaLocation="http://www.loc.gov/MARC21/slim http://www.loc.gov/standards/marcxml/schema/MARC21slim.xsd"
    xmlns="http://www.loc.gov/MARC21/slim">

  <leader>04410namaa22004211i 4500</leader>
  <controlfield tag="003">OSt</controlfield>
  <controlfield tag="005">20251022113201.0</controlfield>
  <controlfield tag="008">250723s2024    ua a|||frm||| 000 0 eng d</controlfield>
  <datafield tag="040" ind1=" " ind2=" ">
    <subfield code="a">EG-GICUC</subfield>
    <subfield code="b">ara</subfield>
    <subfield code="c">EG-GICUC</subfield>
    <subfield code="d">EG-GICUC</subfield>
    <subfield code="e">rda</subfield>
  </datafield>
  <datafield tag="041" ind1="0" ind2=" ">
    <subfield code="a">ara</subfield>
    <subfield code="b">ara</subfield>
    <subfield code="b">eng</subfield>
  </datafield>
  <datafield tag="049" ind1=" " ind2=" ">
    <subfield code="a">&#x625;&#x64A;&#x62F;&#x627;&#x639;</subfield>
  </datafield>
  <datafield tag="082" ind1="0" ind2="4">
    <subfield code="a">910.02</subfield>
  </datafield>
  <datafield tag="092" ind1=" " ind2=" ">
    <subfield code="a">910.02</subfield>
    <subfield code="2">21</subfield>
  </datafield>
  <datafield tag="097" ind1=" " ind2=" ">
    <subfield code="a">&#x645;&#x640;&#x640;&#x640;&#x640;&#x627;&#x62C;&#x633;&#x62A;&#x64A;&#x631;</subfield>
  </datafield>
  <datafield tag="099" ind1=" " ind2=" ">
    <subfield code="a">Cai01.02.02.M.A.2024.&#x646;&#x634;.&#x636;</subfield>
  </datafield>
  <datafield tag="100" ind1="0" ind2=" ">
    <subfield code="a">&#x60C;&#x646;&#x634;&#x648;&#x649; &#x648;&#x62D;&#x64A;&#x62F; &#x623;&#x62D;&#x645;&#x62F; &#x639;&#x628;&#x62F; &#x627;&#x644;&#x645;&#x646;&#x639;&#x645;</subfield>
    <subfield code="e">&#x625;&#x639;&#x62F;&#x627;&#x62F;.</subfield>
  </datafield>
  <datafield tag="245" ind1="1" ind2="2">
    <subfield code="a">&#x627;&#x644;&#x636;&#x648;&#x627;&#x628;&#x637; &#x627;&#x644;&#x62C;&#x64A;&#x648;&#x645;&#x648;&#x631;&#x641;&#x648;&#x644;&#x648;&#x62C;&#x64A;&#x629; &#x644;&#x644;&#x645;&#x648;&#x627;&#x642;&#x639; &#x627;&#x644;&#x623;&#x62B;&#x631;&#x64A;&#x629; &#x641;&#x649; &#x645;&#x62D;&#x627;&#x641;&#x638;&#x629; &#x627;&#x644;&#x641;&#x64A;&#x648;&#x645; &#x628;&#x625;&#x633;&#x62A;&#x62E;&#x62F;&#x627;&#x645; &#x646;&#x638;&#x645; &#x627;&#x644;&#x645;&#x639;&#x644;&#x648;&#x645;&#x627;&#x62A; &#x627;&#x644;&#x62C;&#x63A;&#x631;&#x627;&#x641;&#x64A;&#x629; &#x648;&#x627;&#x644;&#x625;&#x633;&#x62A;&#x634;&#x639;&#x627;&#x631; &#x639;&#x646; &#x628;&#x639;&#x62F; /</subfield>
    <subfield code="c">&#x627;&#x639;&#x62F;&#x627;&#x62F; &#x627;&#x644;&#x637;&#x627;&#x644;&#x628;&#x629; &#x646;&#x634;&#x648;&#x649; &#x648;&#x62D;&#x64A;&#x62F; &#x623;&#x62D;&#x645;&#x62F; &#x639;&#x628;&#x62F; &#x627;&#x644;&#x645;&#x646;&#x639;&#x645;&#x61B; &#x62A;&#x62D;&#x62A; &#x625;&#x634;&#x631;&#x627;&#x641;  &#x623;.&#x62F; / &#x62C;&#x648;&#x62F;&#x647; &#x641;&#x62A;&#x62D;&#x649; &#x627;&#x644;&#x62A;&#x631;&#x643;&#x645;&#x627;&#x646;&#x649;&#x60C; &#x623;.&#x645;.&#x62F;/ &#x645;&#x62D;&#x645;&#x62F; &#x625;&#x628;&#x631;&#x627;&#x647;&#x64A;&#x645; &#x645;&#x62D;&#x645;&#x62F; &#x62E;&#x637;&#x627;&#x628;.</subfield>
  </datafield>
  <datafield tag="246" ind1="1" ind2="5">
    <subfield code="a">Geomorphological controls of archaeological sites in fayoum governorate by using gis &amp; rs /</subfield>
  </datafield>
  <datafield tag="264" ind1=" " ind2="0">
    <subfield code="c">2024.</subfield>
  </datafield>
  <datafield tag="300" ind1=" " ind2=" ">
    <subfield code="a">271 &#x635;&#x641;&#x62D;&#x629; :</subfield>
    <subfield code="b">&#x625;&#x64A;&#x636;&#x627;&#x62D;&#x64A;&#x627;&#x62A; &#x61B; </subfield>
    <subfield code="c">25 cm. + </subfield>
    <subfield code="e">CD.</subfield>
  </datafield>
  <datafield tag="336" ind1=" " ind2=" ">
    <subfield code="a">text</subfield>
    <subfield code="2">rda content</subfield>
  </datafield>
  <datafield tag="337" ind1=" " ind2=" ">
    <subfield code="a">Unmediated</subfield>
    <subfield code="2">rdamedia</subfield>
  </datafield>
  <datafield tag="338" ind1=" " ind2=" ">
    <subfield code="a">volume</subfield>
    <subfield code="2">rdacarrier</subfield>
  </datafield>
  <datafield tag="502" ind1=" " ind2=" ">
    <subfield code="a">&#x623;&#x637;&#x631;&#x648;&#x62D;&#x629; (&#x645;&#x627;&#x62C;&#x633;&#x62A;&#x64A;&#x631;)-&#x62C;&#x627;&#x645;&#x639;&#x629; &#x627;&#x644;&#x642;&#x627;&#x647;&#x631;&#x629;&#x60C; 2024.  </subfield>
  </datafield>
  <datafield tag="504" ind1=" " ind2=" ">
    <subfield code="a">&#x628;&#x628;&#x644;&#x64A;&#x648;&#x62C;&#x631;&#x627;&#x641;&#x64A;&#x627;: &#x635;&#x641;&#x62D;&#x627;&#x62A; 256-271.</subfield>
  </datafield>
  <datafield tag="520" ind1=" " ind2=" ">
    <subfield code="a">&#x62A;&#x642;&#x639; &#x645;&#x646;&#x637;&#x642;&#x629; &#x627;&#x644;&#x62F;&#x631;&#x627;&#x633;&#x629; &#x63A;&#x631;&#x628; &#x648;&#x627;&#x62F;&#x649; &#x627;&#x644;&#x646;&#x64A;&#x644;&#x60C; &#x628;&#x64A;&#x646; &#x62E;&#x637;&#x649; &#x637;&#x648;&#x644;  &#x64B;22.8  &#x64E;51  &#x652;29 &#x60C;  &#x64B;33.6  &#x64B;7   &#x652;31 &#x634;&#x631;&#x642;&#x627;&#x64B;&#x60C; &#x648;&#x62F;&#x627;&#x626;&#x631;&#x62A;&#x649; &#x639;&#x631;&#x636; &#x64B;55.5  &#x64E;57 28 &#x652; &#x60C; &#x64B;41.1  &#x64E;43  &#x652;29 &#x634;&#x645;&#x627;&#x644;&#x627;&#x60C; &#x628;&#x645;&#x633;&#x627;&#x62D;&#x629; &#x62A;&#x628;&#x644;&#x639; &#x62D;&#x648;&#x627;&#x644;&#x649; 5852.12&#x643;&#x645;2. &#x648;&#x62A;&#x636;&#x645; &#x647;&#x630;&#x647; &#x627;&#x644;&#x62F;&#x631;&#x627;&#x633;&#x629; &#x62E;&#x645;&#x633; &#x641;&#x635;&#x648;&#x644;&#x60C; &#x648;&#x64A;&#x62A;&#x646;&#x627;&#x648;&#x644; &#x627;&#x644;&#x641;&#x635;&#x644; &#x627;&#x644;&#x623;&#x648;&#x644; &#x627;&#x644;&#x636;&#x648;&#x627;&#x628;&#x637; &#x627;&#x644;&#x637;&#x628;&#x64A;&#x639;&#x64A;&#x629; &#x648; &#x627;&#x644;&#x628;&#x634;&#x631;&#x64A;&#x629; &#x644;&#x645;&#x646;&#x637;&#x642;&#x629; &#x627;&#x644;&#x62F;&#x631;&#x627;&#x633;&#x629;&#x60C; &#x648;&#x642;&#x62F; &#x627;&#x634;&#x627;&#x631; &#x627;&#x644;&#x641;&#x635;&#x644; &#x627;&#x644;&#x62B;&#x627;&#x646;&#x64A; &#x644;&#x644;&#x627;&#x634;&#x643;&#x627;&#x644; &#x648;&#x627;&#x644;&#x648;&#x62D;&#x62F;&#x627;&#x62A; &#x627;&#x644;&#x62C;&#x64A;&#x648;&#x645;&#x648;&#x631;&#x641;&#x648;&#x644;&#x648;&#x62C;&#x64A;&#x629; &#x628;&#x627;&#x644;&#x645;&#x648;&#x627;&#x642;&#x639; &#x627;&#x644;&#x623;&#x62B;&#x631;&#x64A;&#x629; &#x60C;&#x648;&#x642;&#x62F; &#x62A;&#x646;&#x627;&#x648;&#x644; &#x627;&#x644;&#x641;&#x635;&#x644; &#x627;&#x644;&#x62B;&#x627;&#x644;&#x62B; &#x62F;&#x648;&#x631; &#x648;&#x62A;&#x623;&#x62B;&#x64A;&#x631; &#x639;&#x645;&#x644;&#x64A;&#x627;&#x62A; &#x627;&#x644;&#x62A;&#x62C;&#x648;&#x64A;&#x629; &#x641;&#x64A; &#x62A;&#x62F;&#x647;&#x648;&#x631; &#x627;&#x644;&#x645;&#x648;&#x627;&#x642;&#x639; &#x627;&#x644;&#x623;&#x62B;&#x631;&#x64A;&#x629;&#x60C; &#x648;&#x645;&#x646; &#x62B;&#x645; &#x641;&#x64A; &#x627;&#x644;&#x641;&#x635;&#x644; &#x627;&#x644;&#x631;&#x627;&#x628;&#x639; &#x64A;&#x648;&#x636;&#x62D; &#x646;&#x634;&#x627;&#x637; &#x639;&#x645;&#x644;&#x64A;&#x627;&#x62A; &#x627;&#x644;&#x627;&#x631;&#x633;&#x627;&#x628; &#x648;&#x627;&#x644;&#x646;&#x62D;&#x62A; &#x648;&#x623;&#x62B;&#x631;&#x647;&#x645; &#x639;&#x644;&#x64A; &#x62A;&#x644;&#x643; &#x627;&#x644;&#x645;&#x648;&#x627;&#x642;&#x639; &#x60C; &#x648;&#x64A;&#x62A;&#x646;&#x627;&#x648;&#x644; &#x627;&#x644;&#x641;&#x635;&#x644; &#x627;&#x644;&#x62E;&#x627;&#x645;&#x633; &#x648;&#x636;&#x639; &#x642;&#x648;&#x627;&#x639;&#x62F; &#x628;&#x64A;&#x627;&#x646;&#x627;&#x62A; &#x62C;&#x63A;&#x631;&#x627;&#x641;&#x64A;&#x629; &#x644;&#x644;&#x645;&#x648;&#x627;&#x642;&#x639; &#x627;&#x644;&#x623;&#x62B;&#x631;&#x64A;&#x629;&#x60C; &#x648;&#x646;&#x645;&#x627;&#x630;&#x62C; &#x62A;&#x627;&#x631;&#x64A;&#x62E;&#x64A;&#x629; &#x644;&#x625;&#x63A;&#x644;&#x628; &#x627;&#x644;&#x645;&#x648;&#x627;&#x642;&#x639; &#x627;&#x644;&#x623;&#x62B;&#x631;&#x64A;&#x629; &#x628;&#x645;&#x646;&#x637;&#x642;&#x629; &#x627;&#x644;&#x62F;&#x631;&#x627;&#x633;&#x629;&#x60C; &#x648;&#x62A;&#x637;&#x628;&#x64A;&#x642; &#x62A;&#x62D;&#x644;&#x64A;&#x644; SWOT &#x644;&#x62A;&#x62D;&#x62F;&#x62F;&#x64A; &#x646;&#x642;&#x627;&#x637; &#x627;&#x644;&#x642;&#x648;&#x649; &#x648; &#x627;&#x644;&#x636;&#x639;&#x641; &#x628;&#x645;&#x646;&#x637;&#x642;&#x629; &#x627;&#x644;&#x62F;&#x631;&#x627;&#x633;&#x629;.</subfield>
  </datafield>
  <datafield tag="520" ind1=" " ind2=" ">
    <subfield code="a">The study area is located in the west of the Nile Valley, between longitudes 22.8 &#x64B; 51 &#x64E; 29 &#x652; and 33.6 &#x64B; 7 &#x64E; 31 &#x652; east, and latitudes 55.5 &#x64B; 57 &#x64E; 28&#xB0; and 41.1 &#x64B; 43 &#x64E; 29&#xB0; north, with an area covering about 5852.12 km2. This study includes five chapters. The first chapter deals with the natural and human controls of the study area. The second chapter referred to the forms and geomorphological units of archaeological sites. The third chapter dealt with the role and impact of weathering processes on the deterioration of archaeological sites, and then in the fourth chapter it explains the activity of sedimentation processes. And sculpture and their impact on those sites. The fifth chapter deals with developing geographical databases for archaeological sites, historical models for most of the archaeological sites in the study area, and applying SWOT analysis to determine the strengths and weaknesses of the study area.</subfield>
  </datafield>
  <datafield tag="530" ind1=" " ind2=" ">
    <subfield code="a">&#x635;&#x62F;&#x631; &#x623;&#x64A;&#x636;&#x64B;&#x627; &#x643;&#x642;&#x631;&#x635; &#x645;&#x62F;&#x645;&#x62C;.</subfield>
  </datafield>
  <datafield tag="546" ind1=" " ind2=" ">
    <subfield code="a">&#x627;&#x644;&#x646;&#x635; &#x628;&#x627;&#x644;&#x639;&#x631;&#x628;&#x64A;&#x629; &#x648;&#x627;&#x644;&#x645;&#x644;&#x62E;&#x635; &#x628;&#x627;&#x644;&#x644;&#x63A;&#x629; &#x627;&#x644;&#x625;&#x646;&#x62C;&#x644;&#x64A;&#x632;&#x64A;&#x629; &#x648;&#x627;&#x644;&#x639;&#x631;&#x628;&#x64A;&#x629;.</subfield>
  </datafield>
  <datafield tag="650" ind1=" " ind2="7">
    <subfield code="a">&#x627;&#x644;&#x62C;&#x63A;&#x631;&#x627;&#x641;&#x64A;&#x627; &#x627;&#x644;&#x637;&#x628;&#x64A;&#x639;&#x64A;&#x629;</subfield>
    <subfield code="2">qrmak</subfield>
  </datafield>
  <datafield tag="653" ind1=" " ind2="0">
    <subfield code="a">&#x627;&#x644;&#x62C;&#x64A;&#x648;&#x645;&#x648;&#x631;&#x641;&#x648;&#x644;&#x648;&#x62C;&#x64A;&#x629;</subfield>
    <subfield code="a">&#x627;&#x644;&#x645;&#x648;&#x627;&#x642;&#x639; &#x627;&#x644;&#x623;&#x62B;&#x631;&#x64A;&#x629;</subfield>
    <subfield code="a">&#x62D;&#x636;&#x627;&#x631;&#x629; &#x627;&#x644;&#x641;&#x64A;&#x648;&#x645; (&#x623;)&#x60C; (&#x628;)</subfield>
    <subfield code="a">&#x645;&#x646;&#x627;&#x62E; &#x642;&#x62F;&#x64A;&#x645;</subfield>
  </datafield>
  <datafield tag="700" ind1="0" ind2=" ">
    <subfield code="a">&#x62C;&#x648;&#x62F;&#x647; &#x641;&#x62A;&#x62D;&#x649; &#x627;&#x644;&#x62A;&#x631;&#x643;&#x645;&#x627;&#x646;&#x649;</subfield>
    <subfield code="e">&#x645;&#x634;&#x631;&#x641; &#x623;&#x637;&#x631;&#x648;&#x62D;&#x629;.</subfield>
  </datafield>
  <datafield tag="700" ind1="0" ind2=" ">
    <subfield code="a">&#x645;&#x62D;&#x645;&#x62F; &#x625;&#x628;&#x631;&#x627;&#x647;&#x64A;&#x645; &#x645;&#x62D;&#x645;&#x62F; &#x62E;&#x637;&#x627;&#x628;</subfield>
    <subfield code="e">&#x645;&#x634;&#x631;&#x641; &#x623;&#x637;&#x631;&#x648;&#x62D;&#x629;.</subfield>
  </datafield>
  <datafield tag="900" ind1=" " ind2=" ">
    <subfield code="b">01-01-2024</subfield>
    <subfield code="c">&#x62C;&#x648;&#x62F;&#x647; &#x641;&#x62A;&#x62D;&#x649; &#x627;&#x644;&#x62A;&#x631;&#x643;&#x645;&#x627;&#x646;&#x649;</subfield>
    <subfield code="c">&#x645;&#x62D;&#x645;&#x62F; &#x625;&#x628;&#x631;&#x627;&#x647;&#x64A;&#x645; &#x645;&#x62D;&#x645;&#x62F; &#x62E;&#x637;&#x627;&#x628;</subfield>
    <subfield code="d">&#x627;&#x644;&#x633;&#x64A;&#x62F; &#x627;&#x644;&#x633;&#x64A;&#x62F; &#x627;&#x644;&#x62D;&#x633;&#x64A;&#x646;&#x649; </subfield>
    <subfield code="d">&#x639;&#x627;&#x62F;&#x644; &#x639;&#x628;&#x62F; &#x627;&#x644;&#x645;&#x646;&#x639;&#x645; &#x627;&#x644;&#x633;&#x639;&#x62F;&#x646;&#x649;</subfield>
    <subfield code="U">&#x62C;&#x627;&#x645;&#x639;&#x629; &#x627;&#x644;&#x642;&#x627;&#x647;&#x631;&#x629;</subfield>
    <subfield code="F">&#x643;&#x644;&#x64A;&#x629;  &#x627;&#x644;&#x622;&#x62F;&#x627;&#x628;        </subfield>
    <subfield code="D">&#x642;&#x633;&#x645; &#x627;&#x644;&#x62C;&#x64A;&#x648;&#x645;&#x648;&#x631;&#x641;&#x648;&#x644;&#x648;&#x62C;&#x64A;&#x627; &#x627;&#x644;&#x62A;&#x637;&#x628;&#x64A;&#x642;&#x64A;&#x629;</subfield>
  </datafield>
  <datafield tag="905" ind1=" " ind2=" ">
    <subfield code="a">Sara</subfield>
    <subfield code="e">Afaf</subfield>
  </datafield>
  <datafield tag="942" ind1=" " ind2=" ">
    <subfield code="2">ddc</subfield>
    <subfield code="c">TH</subfield>
    <subfield code="e">21</subfield>
    <subfield code="n">0</subfield>
  </datafield>
  <datafield tag="999" ind1=" " ind2=" ">
    <subfield code="c">173161</subfield>
  </datafield>
  <datafield tag="952" ind1=" " ind2=" ">
    <subfield code="2">ddc</subfield>
    <subfield code="9">307848</subfield>
    <subfield code="a">CUCL</subfield>
    <subfield code="b">cl210</subfield>
    <subfield code="d">2025-07-23</subfield>
    <subfield code="i">32279</subfield>
    <subfield code="o">Cai01.02.02.M.A.2024.&#x646;&#x634;.&#x636;</subfield>
    <subfield code="p">01010100032279000</subfield>
    <subfield code="r">2025-07-23 10:56:00</subfield>
    <subfield code="w">2025-07-23</subfield>
    <subfield code="y">TH</subfield>
  </datafield>
</record>
